Ekonomické hodnocení investic do síťových odvětví

Aktuálny prístup hodnotenia investícii predovšetkým v sieťových odvetviach, ktorý je založený na teórii reálnych opcií. Reálne opcie ako rozhodujúci nástroj pre investičné rozhodovanie. Súčasnosť a aplikácia reálnych opcií. Základné druhy reálnych opcií. Použitie Black-Scholesovho vzorca.

Gespeichert in:
Bibliographische Detailangaben
1. Verfasser: Stehlík, Antonín
Format: Buchkapitel
Sprache:Tschechisch
Schlagworte:
Tags: Tag hinzufügen
Keine Tags, Fügen Sie das erste Tag hinzu!

MARC

LEADER 00000naa$a2200000$$$4500
001 0049886
005 20230908103030.2
041 0 |a cze 
044 |a SK 
245 1 0 |a Ekonomické hodnocení investic do síťových odvětví  |c Antonín Stehlík 
520 |a Aktuálny prístup hodnotenia investícii predovšetkým v sieťových odvetviach, ktorý je založený na teórii reálnych opcií. Reálne opcie ako rozhodujúci nástroj pre investičné rozhodovanie. Súčasnosť a aplikácia reálnych opcií. Základné druhy reálnych opcií. Použitie Black-Scholesovho vzorca. 
610 2 0 |a opcie 
610 2 0 |a portfólio 
610 2 0 |a odvetvia sieťové 
610 2 0 |a rozhodovanie investičné 
100 1 |a Stehlík, Antonín